[Event "Khanty-Mansiysk Governor Cup 16th"]
[Site "Khanty-Mansiysk"]
[Date "2020.11.30"]
[Round "1"]
[White "Fedorov, Semen K"]
[Black "Tunik, Sergey"]
[Result "0-1"]
[WhiteElo "1309"]
[BlackElo "2128"]
[PlyCount "80"]
[EventDate "2020.11.30"]
[EventType "swiss"]
[EventRounds "9"]
[EventCountry "RUS"]
[SourceTitle "CBM 199 Extra"]
[Source "ChessBase"]
[SourceDate "2021.01.31"]
[SourceVersion "1"]
[SourceVersionDate "2021.01.31"]
[SourceQuality "1"]

1. d4 Nf6 2. c4 c6 3. Nc3 d5 4. cxd5 cxd5 5. Bf4 Nc6 6. e3 a6 7. Bd3 Bg4 8. Nge2 e6 9. h3 Bxe2 10. Bxe2 Bd6 11. Bxd6 Qxd6 12. 0-0 0-0 13. a3 b5 14. b4 Rfc8 15. Qd3 Nd7 16. f4 f5 17. g4 g6 18. g5 h5 19. h4 Nb6 20. Qd2 Rc7 21. Rfc1 Rac8 22. Rc2 Nb8 23. Rac1 N8d7 24. Na2 Na4 25. Nc3 Ndb6 26. Nxa4 Nxa4 27. Bd3 Rxc2 28. Rxc2 Qd7 29. Rc1 Rc7 30. Rc2 Qc8 31. Qc1 Rxc2 32. Qxc2 Qxc2 33. Bxc2 Nb6 34. Bb3 Nc4 35. Bxc4 dxc4 36. Kf2 Kf7 37. Kf3 Ke7 38. e4 c3 39. Ke3 fxe4 40. f5 exf5 0-1